000 00581nam a2200181 i 4500
001 80282
003 ES-MaACL
005 20250730063113.0
007 t|
008 041027s1947 sp ||||1| spa d
100 1 _aHidalgo, Diego,
_d1886-1961
_963566
245 1 0 _aNueva York
_b: impresiones de un español del siglo XIX que no sabe inglés /
_cDiego Hidalgo Durán.
260 _aMadrid :
_bM. Aguilar,
_c[1947] (
_fGráf. Valera)
300 _a350 p. ;
_c22 cm.
651 4 _aNueva York-
_xDescripción.
_99124
852 _aES-MaACL
_jC-4291
999 _c80282
_d80282